000
00335nam a2200145Ia 4500
008
221030s9999 xx 000 0 und d
041
_a
English
082
_a
105.23
100
_a
M. R. Wear
245
0
_a
Physics of the Atom
_c
by M. R. Wear, J. A. Richards
260
_c
0
650
_a
B
700
_a
J. A. Richards
942
_c
BK
999
_c
10579
_d
10579